| 000 | 00432nam a2200157 a 4500 | ||
|---|---|---|---|
| 005 | 20140414131849.0 | ||
| 008 | 100728s19uu xx 00 eng d | ||
| 020 | _a81-7929-105-7 | ||
| 050 |
_aM 525 _bG29 2005 |
||
| 245 |
_aGeography & geology : _bincluding the universe. |
||
| 260 |
_aNew Delhi, India : _bInfinity books, _c2005. |
||
| 440 | _aThe learners' series | ||
| 650 | _aGeography | ||
| 650 | _aGeology | ||
| 999 |
_c110096 _d110096 |
||